00806nam a2200241Ia 450000100060000000300090000600800410001504000130005604000130006904100120008210000140009410000290010824500730013724500780021025000110028826000110029926000270031026000490033730000570038650000750044365000150051865000310053376389IT-RoPAU130308s9999 xx 000 0 und d aIT-RoPAU cIT-RoPAU aINGLESE aBuck Ross gCodice Aut. SPICS: 26548 aEmotional Education and Mass Media -A New View of the Global Village bAdvancing Communication Science: Merging Mass And Interpersonal Processes a1a ed. aLONDON bSage Publications B.H. c1988 [1° Ed.:1988 - Ed.Ling.Originale:1988] a"33 p. (prefazione: no ; testo: 33 [pagine: 44-76])" aEducazione Emotiva e Mass Media Teoria di McLuhan mezzo Come Messaggio aSOCIOLOGIA eCodice materia Spics: 3651